000 00536nam a2200193Ia 4500
999 _c1779
_d1779
003 OSt
005 20201001112935.0
008 190216s9999||||xx |||||||||||||| ||und||
020 _a9788130912844
040 _coclc
082 _a616.079
_bHAN/I
100 _aHannigan, B M
_95263
245 0 _aImmunology /
_cB M Hannigan ; C B T Moore ; D G Quinn
250 _a2nd Ed.
260 _bViva Books,
_c2010.
_aNew Delhi:
300 _a382p
650 _aBotany
942 _cBK
_2ddc
_h616.079
_iHAN/I
_k616.079
_mHAN/I